Circulares de la Fiscala̕

Detalles Bibliográficos
Autor Corporativo: Espaą. Fiscala̕ General del Estado
Formato: Desconocido
Lenguaje:español
Publicado: [Barcelona] : vLex
Materias:
Acceso en línea:Acceso restringido

MARC

LEADER 00000ny a22000003n 4500
005 2011050909499.0
008 080715s19969999sp r s 000 a0spa c
035 |a 533 
040 |a UMA.RE  |d vlex 
080 |a 347.9693(460)(083)(0.034) 
090 |c 1462  |d 1462 
110 1 |a Espaą.  |b Fiscala̕ General del Estado 
245 3 0 |a Circulares de la Fiscala̕  |h [Recurso electrn̤ico] 
256 |a Servicio en ln̕ea 
260 |a [Barcelona] :  |b vLex 
310 |a Anual 
610 1 4 |a Espaą.  |b Fiscala̕ General del Estado  |x Normas  |x Publicaciones perid̤icas 
740 0 |a vLex Revista (Servicios en ln̕ea) 
853 |8 1  |i (year)  |j (month)  |k (day) 
856 4 0 |u http://vlex.com/source/circulares-fiscalia-estado-533  |z Acceso restringido 
942 |c REV